|
|
|
|
| LEADER |
00000nam a22000007a 4500 |
| 005 |
20151202132140.0 |
| 007 |
cr|||| ||u| |
| 008 |
151202s2015 sp ||||| |||| 00||0 spa d |
| 020 |
|
|
|a 978-84-16402-79-3
|
| 035 |
|
|
|a 12945
|
| 040 |
|
|
|a vLex
|
| 090 |
|
|
|c 5704
|d 5704
|
| 100 |
1 |
|
|a Pons, Marcial
|
| 245 |
1 |
0 |
|a Actas de Derecho Industrial y Derecho de Autor. Tomo XXXV (2014-2015)
|h [Recurso electrn̤ico] /
|c Marcial Pons
|
| 256 |
|
|
|a Servicio en ln̕ea
|
| 260 |
|
|
|a Madrid
|b Marcial Pons
|c 2015
|
| 300 |
|
|
|a 1 recurso electrn̤ico
|
| 506 |
1 |
|
|a Contenido solo disponible en los productos indicados
|d vLex Global
|d vLex Global (Academic Edition, excluding Law Schools)
|d vLex Global (U.S. Academic Edition, Law Schools)
|d vLex Global (U.S. Academic Edition, excluding Law Schools)
|d vLex Global (Academic Edition, Law Schools)
|
| 650 |
0 |
4 |
|a Derecho
|z Espaą
|
| 740 |
0 |
|
|a vLex libros (servicio en ln̕ea)
|
| 856 |
4 |
0 |
|u http://vlex.com/source/12945
|z Acceso restringido
|
| 942 |
|
|
|c BOOK
|
| 999 |
0 |
|
|a Law
|